| 000 | 00869 a2200157 4500 | ||
|---|---|---|---|
| 003 | Nust | ||
| 005 | 20230406101737.0 | ||
| 040 | _cNust | ||
| 082 | _a954.1,RIZ | ||
| 100 |
_aRizwanullah , Mohammad _9111758 |
||
| 245 |
_aLonely Guardian Of Khojak Pass / _cLt Col Mohammad Rizwanullah |
||
| 300 | _a181;p | ||
| 505 | _aBaluchistan (Page-1), History of Baluchistan (Page-9), Sir Robert Sandeman (Page-31), Quetta (Page-53), Folklore of Baluchistan (Page-61), Water Supply in Ancient Time (Page-101), History of Quetta Water Supply 1889 to 1923 (Page-115), History of Quetta Water Supply 1923 to 1959 (Page-127), History of Quetta Water Supply 1960-1963 (Page-135), Karezes In Baluchistan (Page-153), Minutes of two Important Conferences in Connection With Quetta Water Supply (Page-161). | ||
| 650 |
_aLonely Guardian Of Khojak _9111759 |
||
| 942 |
_2ddc _cBK _k954.1,RIZ |
||
| 999 |
_c187472 _d187472 |
||